Normal view
MARC view
Entry Personal Name
001 - CONTROL NUMBER
- control field: 22276
003 - CONTROL NUMBER IDENTIFIER
- control field: ARRUPE
005 - DATE AND TIME OF LATEST TRANSACTION
- control field: 20160212103109.0
008 - FIXED-LENGTH DATA ELEMENTS
- fixed length control field: 160212|| aca||aabn | a|a d
040 ## - CATALOGING SOURCE
- Original cataloging agency: ARRUPE
- Transcribing agency: ARRUPE
100 ## - HEADING--PERSONAL NAME
- Personal name: Du Bellay, Joachim,
- Dates associated with a name: approximately 1522-1560.
670 ## - SOURCE DATA FOUND
- Source citation: Work cat.: (ARRUPE)0: Saulnier, Verdun L. 22275, Du Bellay, 1968.